विद्याभरतीच्या चिंतनाची दिशा (Record no. 370185)

MARC details
000 -LEADER
fixed length control field 02924 a2200145 4500
003 - CONTROL NUMBER IDENTIFIER
control field OSt
005 - DATE AND TIME OF LATEST TRANSACTION
control field 20260211115408.0
008 - FIXED-LENGTH DATA ELEMENTS--GENERAL INFORMATION
fixed length control field 260211b |||||||| |||| 00| 0 eng d
100 ## - MAIN ENTRY--PERSONAL NAME
Personal name तोमर ल.
9 (RLIN) 216708
245 ## - TITLE STATEMENT
Title विद्याभरतीच्या चिंतनाची दिशा
260 ## - PUBLICATION, DISTRIBUTION, ETC. (IMPRINT)
Name of publisher, distributor, etc. भारतीय विचार साधना प्रकाशन
Date of publication, distribution, etc. 2022
Place of publication, distribution, etc. पुणे
300 ## - PHYSICAL DESCRIPTION
Extent 208pp.
520 ## - SUMMARY, ETC.
Summary, etc. विद्याभारतीची चिंतनाची दिशा ही भारतीय संस्कृती, मूल्ये आणि राष्ट्रवादावर आधारित 'विद्या भारती' (Vidya Bharati) शिक्षण संस्थेच्या विचारसरणीशी सुसंगत आहे. यामध्ये शिक्षणाद्वारे शारीरिक, मानसिक, बौद्धिक आणि आध्यात्मिक विकासावर भर दिला जातो, ज्यामध्ये संस्कार, मातृभाषा आणि भारतीय संस्कृतीचे जतन करणे ही प्रमुख उद्दिष्टे असतात. <br/>संस्कारयुक्त शिक्षण: केवळ पुस्तकी ज्ञान नाही, तर चारित्र्य घडवणारे शिक्षण देणे.<br/>भारतीय संस्कृती आणि राष्ट्रप्रेम: विद्यार्थ्यांमध्ये राष्ट्रीय अभिमान, स्वदेशीचा अभिमान आणि संस्कृतीबद्दल आदर रुजवणे.<br/>मातृभाषेतून शिक्षण: शिक्षणाचे माध्यम मातृभाषा असण्यावर भर, जेणेकरून संकल्पना स्पष्ट होतील.<br/>सर्वांगीण विकास: शैक्षणिक कामगिरीसोबतच शारीरिक (खेळ, योग) आणि मानसिक (प्राणायम, ध्यान) वाढीवर भर.<br/>विद्यार्थी दशा आणि दिशा: ऐतिहासिक आणि थोर व्यक्तींचे आदर्श विद्यार्थ्यांसमोर ठेवून त्यांच्या व्यक्तिमत्त्वाचा विकास करणे. <br/>थोडक्यात, विद्याभारतीची विचारसरणी 'राष्ट्रभक्ती आणि संस्कृतीसहित आधुनिक शिक्षण' अशी आहे.
942 ## - ADDED ENTRY ELEMENTS (KOHA)
Koha item type Books
Source of classification or shelving scheme Dewey Decimal Classification
Holdings
Withdrawn status Lost status Source of classification or shelving scheme Damaged status Not for loan Collection code Home library Current library Date acquired Vendor Cost, normal purchase price Total Checkouts Barcode Date last seen Cost, replacement price Bill Date Koha item type Original Barcode
    Dewey Decimal Classification     MCA MKSSS s K.B. Joshi Institute of Information Technology Library MKSSS s K.B. Joshi Institute of Information Technology Library 03/02/2026 188 175.00   KBJP-BK-2999 03/02/2026 250.00 03/02/2026 Books 2999